Southville International School and Colleges
Your cart is empty.
  • Cart
  • Lists
    Public lists Eva Luna New books Lux_list list_1
    Your lists Log in to create your own lists
  • Log in to your account
  • Your cookies
  • Search history
Southville International School and Colleges
  • Advanced search
  • Recent comments
  • Most popular
  • Libraries

Log in to your account

Log in with GOOGLE


If you do not have an external account, but do have a local account, you can still log in:

  1. Home
  2. MARC view: Move the world :
Normal view MARC view ISBD view

Move the world : (Record no. 23535)

[ view plain ]
MARC details
000 -LEADER
fixed length control field 00592nam a2200193 a 4500
005 - DATE AND TIME OF LATEST TRANSACTION
control field 20140310183454.0
008 - FIXED-LENGTH DATA ELEMENTS--GENERAL INFORMATION
fixed length control field 090804s19uu xx 00 eng d
020 ## - INTERNATIONAL STANDARD BOOK NUMBER
International Standard Book Number 9780470073186
050 ## - LIBRARY OF CONGRESS CALL NUMBER
Classification number HF 5718
Item number .B73 2007
100 ## - MAIN ENTRY--PERSONAL NAME
Personal name Brenner, Dean M.
245 ## - TITLE STATEMENT
Title Move the world :
Remainder of title persuade your audience, change minds, and achieve your goals /
Statement of responsibility, etc Dean M. Brenner
260 ## - PUBLICATION, DISTRIBUTION, ETC. (IMPRINT)
Place of publication, distribution, etc U.S.A :
Name of publisher, distributor, etc John Wiley & Sons,
Date of publication, distribution, etc 2007.
300 ## - PHYSICAL DESCRIPTION
Extent 197 p. :
Dimensions 23 cm.
521 ## - TARGET AUDIENCE NOTE
Target audience note
650 ## - SUBJECT ADDED ENTRY--TOPICAL TERM
Topical term or geographic name as entry element Business communication.
650 ## - SUBJECT ADDED ENTRY--TOPICAL TERM
Topical term or geographic name as entry element Interpersonal communication.
942 ## - ADDED ENTRY ELEMENTS (KOHA)
Koha item type Books
Source of classification or shelving scheme Library of Congress Classification
Call number prefix Foreign
Holdings
Withdrawn status Lost status Source of classification or shelving scheme Damaged status Home library Current library Shelving location Date acquired Source of acquisition Total Checkouts Full call number Barcode Date last seen Copy number Price effective from Koha item type
    Library of Congress Classification   College Library College Library General Circulation Section 08/04/2009 Donation   HF 5718 .B73 2007 C10468 05/15/2018 1 10/18/2013 Books

Move the world :

APA

Brenner D. M., . (2007). Move the world. U.S.A: John Wiley & Sons.

Chicago

Brenner Dean M, . 2007. Move the world. U.S.A: John Wiley & Sons.

Harvard

Brenner D. M., . (2007). Move the world. U.S.A: John Wiley & Sons.

MLA

Brenner Dean M, . Move the world. U.S.A: John Wiley & Sons. 2007.

  • Place hold
  • Print
  • Cite
  • Add to your cart (remove)
  • Save record
    BIBTEX Dublin Core MARCXML MARC (non-Unicode/MARC-8) MARC (Unicode/UTF-8) MARC (Unicode/UTF-8, Standard) MODS (XML) RIS
  • More searches
    Search for this title in:
    Other Libraries (WorldCat) Other Databases (Google Scholar) Online Stores (Bookfinder.com) Open Library (openlibrary.org)

Exporting to Dublin Core...

SOUTHVILLE LIBRARY

Southville International School and Colleges Library

1281 Tropical Ave. Cor. Luxembourg St., BF Homes International, Las Pinas City

Tel. No. 8256374 / 252358 Loc. 117/146

Powered by Koha